Hulsizer family papers, (Record no. 44133)

MARC details
000 -LEADER
fixed length control field 02308cpcaa2200433 a 4500
001 - CONTROL NUMBER
control field mm 85061876
003 - CONTROL NUMBER IDENTIFIER
control field DLC
005 - DATE AND TIME OF LATEST TRANSACTION
control field 20260227111722.0
007 - PHYSICAL DESCRIPTION FIXED FIELD--GENERAL INFORMATION
fixed length control field cr |||||||||||
008 - FIXED-LENGTH DATA ELEMENTS--GENERAL INFORMATION
fixed length control field 850926|||||||||||| eng
010 ## - LIBRARY OF CONGRESS CONTROL NUMBER
LC control number mm 85061876
040 ## - CATALOGING SOURCE
Original cataloging agency DLC
Description conventions dacs
Transcribing agency DLC
Modifying agency DLC
072 #7 - SUBJECT CATEGORY CODE
Subject category code R
Source lcmd
245 00 - TITLE STATEMENT
Title Hulsizer family papers,
Inclusive dates 1915-1941
Bulk dates (bulk 1917-1919).
300 ## - PHYSICAL DESCRIPTION
Extent 145
Type of unit items.
300 ## - PHYSICAL DESCRIPTION
Extent 1
Type of unit container.
300 ## - PHYSICAL DESCRIPTION
Extent 0.4
Type of unit linear feet.
506 0# - RESTRICTIONS ON ACCESS NOTE
Terms governing access Open to research.
520 8# - SUMMARY, ETC.
Summary, etc. Chiefly letters of Edith Hulsizer Copher and her sister Sophy Hulsizer Powell to family members during World War I. Copher's letters describe her service with the Harvard U.S. Army Base Hospital No. 5, British Expeditionary Force, near Paris, France, and include her observations on local social life and customs. Letters from Powell, wife of Fred Wilbur Powell, an American commercial attaché in London, England, pertain to social life in the expatriate community. Includes newspaper clippings relating to the Hulsizer family.
546 ## - LANGUAGE NOTE
Language note Collection material in English.
555 8# - CUMULATIVE INDEX/FINDING AIDS NOTE
Cumulative index/finding aids note Finding aid available in the Library of Congress Manuscript Reading Room and at
Uniform Resource Identifier <a href="http://hdl.loc.gov/loc.mss/eadmss.ms007126">http://hdl.loc.gov/loc.mss/eadmss.ms007126</a>
600 10 - SUBJECT ADDED ENTRY--PERSONAL NAME
Personal name Powell, Fred Wilbur,
Dates associated with a name 1881-1943.
600 30 - SUBJECT ADDED ENTRY--PERSONAL NAME
Personal name Hulsizer family.
610 10 - SUBJECT ADDED ENTRY--CORPORATE NAME
Corporate name or jurisdiction name as entry element Great Britain.
Subordinate unit Army.
-- British Expeditionary Force.
610 20 - SUBJECT ADDED ENTRY--CORPORATE NAME
Corporate name or jurisdiction name as entry element Harvard U.S. Army Base Hospital No. 5.
650 #0 - SUBJECT ADDED ENTRY--TOPICAL TERM
Topical term or geographic name entry element Americans
Geographic subdivision England
-- London.
650 #0 - SUBJECT ADDED ENTRY--TOPICAL TERM
Topical term or geographic name entry element Commercial attachés
Geographic subdivision England
-- London.
650 #0 - SUBJECT ADDED ENTRY--TOPICAL TERM
Topical term or geographic name entry element World War, 1914-1918
General subdivision Medical care.
650 #0 - SUBJECT ADDED ENTRY--TOPICAL TERM
Topical term or geographic name entry element World War, 1914-1918
Geographic subdivision France.
650 #0 - SUBJECT ADDED ENTRY--TOPICAL TERM
Topical term or geographic name entry element World War, 1914-1918
Geographic subdivision Great Britain.
651 #0 - SUBJECT ADDED ENTRY--GEOGRAPHIC NAME
Geographic name France
General subdivision Social life and customs
Chronological subdivision 20th century.
651 #0 - SUBJECT ADDED ENTRY--GEOGRAPHIC NAME
Geographic name Great Britain
General subdivision Social life and customs
Chronological subdivision 20th century.
700 1# - ADDED ENTRY--PERSONAL NAME
Personal name Copher, Edith Hulsizer,
Dates associated with a name 1891-1935.
Title of a work Edith Hulsizer Copher papers.
700 1# - ADDED ENTRY--PERSONAL NAME
Personal name Powell, Sophy Hulsizer,
Dates associated with a name -1937.
Title of a work Sophy Hulsizer Powell papers.
856 4# - ELECTRONIC LOCATION AND ACCESS
Materials specified Finding aid
Uniform Resource Identifier <a href="http://hdl.loc.gov/loc.mss/eadmss.ms007126">http://hdl.loc.gov/loc.mss/eadmss.ms007126</a>
856 4# - ELECTRONIC LOCATION AND ACCESS
Materials specified Finding aid (PDF)
Uniform Resource Identifier <a href="http://hdl.loc.gov/loc.mss/eadmss.ms007126.3">http://hdl.loc.gov/loc.mss/eadmss.ms007126.3</a>

No items available.

Powered by Koha